Los límites del amor: hasta donde amarte sin renunciar a lo que soy (Registro nro. 3271)
[ vista simple ]
| 000 -Cabecera | |
|---|---|
| Campo de control de longitud fija | 00675aam a2200229 4500 |
| 005 - Fecha y hora de la última transacción | |
| Campo de control | 20231011144904.0 |
| 008 - Elementos de longitud fija--Información general | |
| Campo de control de longitud fija | 150407b xxu||||| |||| 00| 0 spa d |
| 041 ## - Idioma | |
| Código de idioma | |
| 082 ## - Clasificación Decimal Dewey | |
| Número de clasificación | 155.23 R627L |
| 100 ## - Entrada principal--Autor personal | |
| Nombre personal | Riso, Walter |
| 9 (RLIN) | 11481 |
| 245 ## - Título propiamente dicho | |
| Título | Los límites del amor: hasta donde amarte sin renunciar a lo que soy |
| 260 ## - Pie de imprenta | |
| Lugar de publicación, distribución, etc. | México |
| Nombre del editor, distribuidor, etc. | Océano |
| Fecha de publicación, distribución, etc. | 2012 |
| 300 ## - Descripción física | |
| Extensión | 163 páginas |
| 650 ## - Materia general | |
| Temática (materia general) | AUTOESTIMA |
| 650 ## - Materia general | |
| Temática (materia general) | AMOR |
| 650 ## - Materia general | |
| Temática (materia general) | AMOR SALUDABLE |
| 650 ## - Materia general | |
| Temática (materia general) | PENSAMIENTO NEGATIVO |
| 650 ## - Materia general | |
| Temática (materia general) | PESAMIENTO CONFORMISTA |
| 650 ## - Materia general | |
| Temática (materia general) | PESAMIENTO CATASTROFICO |
| 650 ## - Materia general | |
| Temática (materia general) | RELACIONES DE PAREJA |
| 942 ## - Punto de acceso adicional KOHA | |
| Tipo de ítem KOHA | Literatura |
| Fuente del sistema de clasificación o colocación | Dewey Decimal Classification |
| Signatura completa | Código de barras | Tipo de ítem |
|---|---|---|
| 155.23 R627L | 18147 | Literatura |